000 00439 a2200169 4500
003 OSt
005 20240212123043.0
008 240212b |||||||| |||| 00| 0 eng d
040 _coclc
082 _a894.8123
_bZAI/P
100 _aZain, Arif
_910454
245 _aPoraliyude Makan /
_cArif, Zain
250 _a1st ed.
260 _aKozhikkode:
_bKNM,
_c2021.
300 _a260p.
942 _2ddc
_cBK
_h894.8123
_k894.8123
999 _c44413
_d44413